000 00536nam a2200193Ia 4500
005 20250326141722.0
008 250326s9999 xx 000 0 und d
020 _a0-07-460066-4
037 _aTextbook
040 _aFMSL
_beng
_cFMSL
041 _aeng
_2eng
084 _aX:8D N0
_qFMSL
100 _aChandra P
_9659734
245 0 _aFundamentals of ficial management
_cChandra P
260 _aNew Delhi
_bNew Delhi, Tata-McGraw-Hill
_c1990
300 _axiii,540
942 _cTB
_hX:8D N0
999 _c1291644
_d1291644